[Event "Trento op"]
[Site "Trento"]
[Date "2008.03.29"]
[Round "2"]
[White "Tencheni, Maurizio"]
[Black "Amico, Antonino"]
[Result "1-0"]
[WhiteElo "1560"]
[BlackElo "1407"]
[PlyCount "27"]
[EventDate "2008.03.28"]
[EventType "swiss"]
[EventRounds "5"]
[EventCountry "ITA"]
[SourceTitle "EXT 2011"]
[Source "ChessBase"]
[SourceDate "2010.11.26"]
[SourceVersion "1"]
[SourceVersionDate "2010.11.26"]
[SourceQuality "1"]

1. e4 e5 2. d4 d6 3. dxe5 Nc6 4. Bb5 Bd7 5. exd6 Bxd6 6. Nc3 Nf6 7. Bg5 Qe7 8. f3 0-0 9. Nd5 Qe5 10. Bxf6 gxf6 11. c3 Rae8 12. Ne2 Be6 13. f4 Qh5 14. Nxf6+ 1-0